The interference of electric charge and magnetic moment transition radiation fields; RReps'11. Radiation from Relativistic Electrons in Periodic Structures

Detalhes bibliográficos
Parent link:RReps'11. Radiation from Relativistic Electrons in Periodic Structures.— 2011.— С. 46
Autor principal: Konkov (Kon'kov) A. S. Anatoliy Sergeevich
Outros Autores: Potylitsyn A. P. Alexander Petrovich, Serdyutsky (Serdyutskiy, Serdjutsky) V. A. Vitaly Andreevich
Idioma:inglês
Publicado em: 2011
Assuntos:
Formato: Capítulo de Livro
KOHA link:https://koha.lib.tpu.ru/cgi-bin/koha/opac-detail.pl?biblionumber=244802

MARC

LEADER 00000naa2a2200000 4500
001 244802
005 20260112103301.0
035 |a (RuTPU)RU\TPU\book\266196 
035 |a RU\TPU\book\266192 
090 |a 244802 
100 |a 20131029d2011 k||y0rusy50 ba 
101 0 |a eng 
102 |a RU 
200 1 |a The interference of electric charge and magnetic moment transition radiation fields  |f A. S. Kon'kov, A. P. Potylitsyn, V. A. Serdyutsky 
320 |a Библиогр.: 4 (назв.) 
463 0 |0 (RuTPU)RU\TPU\book\250355  |t RReps'11. Radiation from Relativistic Electrons in Periodic Structures  |o IX International Symposium, 12-16 September 2011, Egham, United Kingdom  |f RReps'11. Radiation from Relativistic Electrons in Periodic Structures, International Symposium ; Tomsk Polytechnic University (TPU)  |v С. 46  |d 2011 
610 1 |a труды учёных ТПУ 
610 1 |a магнитные поля 
610 1 |a электрические заряды 
610 1 |a излучения 
610 1 |a переходы 
700 1 |a Konkov (Kon'kov)  |b A. S.  |c physicist  |c design engineer at Tomsk Polytechnic University  |f 1987-  |g Anatoliy Sergeevich  |3 (RuTPU)RU\TPU\pers\31535 
701 1 |a Potylitsyn  |b A. P.  |c Russian physicist  |c Professor of the TPU  |f 1945-  |g Alexander Petrovich  |3 (RuTPU)RU\TPU\pers\26306  |9 12068 
701 1 |a Serdyutsky (Serdyutskiy, Serdjutsky)  |b V. A.  |c physicist  |c Associate Professor of Tomsk Polytechnic University, Candidate of Physical and Mathematical Sciences  |f 1939-  |g Vitaly Andreevich  |3 (RuTPU)RU\TPU\pers\46768 
801 1 |a RU  |b 63413507  |c 20131028 
801 2 |a RU  |b 63413507  |c 20210219  |g RCR 
942 |c BK